000 01269nam a2200253 a 4500
001 000080324
005 20200120224354.0
008 150818s2008 sp a g | 001 | spa d
041 0 _aspa
082 0 4 _a613.7046
_bK51co
_221
100 1 _aKnan, Aman
245 1 0 _aYoga para tu corazón /
_cdirector y escritor: Aman Knan; productor: Shasshikant D. Chheda; editor: Fazal Husein; música: Rajendra Shiv; fotografía: A. Narayanan.
250 _a1a. ed.
260 _aMéxico :
_bEn Pantalla Producciones,
_c[2008].
300 _a1 dvd (60 minutos) :
_baudio: 2.0 estéreo.
520 3 _a"Tu corazón es un órgano asombroso. Constantemente bombea oxígeno y sangre rica en nutrientes por todo el cuerpo, para mantenernos con vida. Nuestro estilo de vida y el medio ambiente ponen bajo presión a nuestros corazones, dando lugar a varios problemas. El video, explica el funcionamiento del corazón y las cuasas comunes de problemas cardiácos".
650 1 4 _aCorazón
_xCuerpo humano
_zYoga
650 2 4 _aCirculación sanguínea
_xCuerpo humano
_zYoga
650 2 4 _aCuerpo humano
_xCardiología
_zYoga
700 0 1 _aChhed, Shasshikant D.,
_eproductor
700 _aHusein, Fazal,
_eeditor
700 _aShiv, Rajendra,
_emúsica
700 _aNarayanan, A.,
_efotografía
999 _c9189
_d9189